| Tag |
First Indicator |
Second Indicator |
Subfields |
| LEADER |
00000pam a2200000 a 4500 |
| 001 |
in00000080728 |
| 005 |
20151008054048.0 |
| 008 |
801219s1981 mau b 00000 engm |
| 010 |
|
|
|a 80007579
|
| 020 |
|
|
|a 0669037613
|
| 035 |
|
|
|a (OCoLC)07176906
|
| 035 |
|
|
|9 AAH9507AM
|
| 040 |
|
|
|a DLC
|c DLC
|d m.c.
|d TXA
|d UtOrBLW
|
| 043 |
|
|
|a n-us---
|
| 049 |
|
|
|a TXAM
|c [985470]
|
| 050 |
0 |
0 |
|a KF2140.S65
|b L43
|
| 082 |
0 |
|
|a 346.7304/67923
|2 19
|
| 245 |
0 |
0 |
|a Legal aspects of solar energy /
|c edited by John H. Minan, William H. Lawrence.
|
| 264 |
|
1 |
|a Lexington, Mass. :
|b Lexington Books,
|c [1981]
|
| 264 |
|
4 |
|c ©1981
|
| 300 |
|
|
|a xiii, 231 pages ;
|c 24 cm.
|
| 336 |
|
|
|a text
|b txt
|2 rdacontent
|
| 337 |
|
|
|a unmediated
|b n
|2 rdamedia
|
| 338 |
|
|
|a volume
|b nc
|2 rdacarrier
|
| 504 |
|
|
|a Includes bibliographical references.
|
| 650 |
|
0 |
|a Solar energy
|x Law and legislation
|z United States.
|
| 700 |
1 |
|
|a Minan, John H.
|
| 700 |
1 |
|
|a Lawrence, William H.
|
| 999 |
|
|
|a MARS
|
| 999 |
f |
f |
|s e9913ba2-2827-3d8f-8db7-01871bc85db1
|i ac2ff2b5-44c7-3fe7-b4d8-23453f47e0df
|t 0
|
| 952 |
f |
f |
|p ric
|a Texas A&M University
|b Rellis Campus
|c Joint Library Facility
|d Remote Storage
|t 0
|e KF2140.S65 L43
|h Library of Congress classification
|i unmediated -- volume
|m A14806155575
|
| 998 |
f |
f |
|a KF2140.S65 L43
|t 0
|l Remote Storage
|